00748nam a2200241 a 4500001001300000003000900013005001700022008004100039020001000080082001700090100002500107245001800132260004500150300000900195500003500204505006800239650002900307700002500336902000800361942000700369952011700376999001300493nice12345678IN_TiNIC20260116011259.0050524s1934 dela grp 000 0 per  ac10000a891.51bSHA1 aShabistri, Sk Mahmud aKanzul Haqaiq aDelhibIntercultural Publications c1934 a146p aincludes index and biblioraphy2 aAramaic Approach to the Four Gospels By Archdeacon Barkat Ullah aPersian Poetry-Shabistry1 aShabistri, Sk Mahmud bSRS cBK 001040708StackRoom-aHMIbHMId2007-06-01g100.00l0o891.51 SHA1p04680r2007-06-01v100.00w2005-05-24yBK c139d139